| 000 | 00850nam a22002655i 4500 | ||
|---|---|---|---|
| 001 | 176804 | ||
| 003 | ES-MaACL | ||
| 005 | 20250802222149.0 | ||
| 008 | 110210s1970 sp ao |||| | spa d | ||
| 080 | _a711 | ||
| 080 | _a008 | ||
| 100 | 1 |
_aRagon, Michel. _994996 |
|
| 245 | 1 | 4 |
_aLas ciudades del futuro / _c[Michel Ragon ; traducción de Domingo Santos]. |
| 250 | _a1ª ed. | ||
| 260 |
_aEsplugas de Llobregat (Barcelona) : _bPlaza & Janés, _c1970. |
||
| 300 |
_a254 p. : _bil. bl. y n. ; _c18 cm. |
||
| 490 | 1 |
_aEnciclopedia Horizonte ; _v13 |
|
| 504 | _aBibliografía: p. 253-254. | ||
| 650 | 7 |
_aUrbanismo _2embne _917692 |
|
| 650 | 0 | 4 |
_aCivilización futura. _911094 |
| 700 | 0 |
_aSantos, Domingo. _9103468 |
|
| 830 | 0 |
_aEnciclopedia Horizonte ; _v13 _9190248 |
|
| 852 |
_aES-MaACL _jE-14282 _xOlim P-1404 |
||
| 999 |
_c176804 _d176804 |
||